000 00721nam a2200205 4500
001 132841
003 ES-MaACL
005 20240219223314.0
007 t|
008 070214s1960 sp r ||||1| spa d
100 1 _aRosales, Luis,
_d1910-1992
_999644
245 1 0 _aCervantes y la libertad /
_cLuis Rosales ; prólogo de D. Ramón Menéndez Pidal.
260 _aMadrid :
_b[Sociedad de Estudios y Publicaciones],
_c1960 (
_fGráf. Valera)
300 _a2 v. ;
_c26 cm.
600 1 4 _aCervantes Saavedra, Miguel de,
_d1547-1616-
_xFilosofía
_9171973
650 4 _aLibertad-
_xEn la literatura.
_9172596
700 1 _aMenéndez Pidal, Ramón,
_d1869-1968
_980315
852 _aES-MaACL
_jC-18926-27
999 _c132841
_d132841